000 00598cam a2200253 4500
001 2195146
005 20180208095159.0
008 730301t19731969nyua j 001 0 eng
010 _a 73003321
020 _a039481679X
020 _a0394916794 (lib. bdg.)
040 _aDLC
_cDLC
_dDLC
041 _aeng
042 _alcac
043 _an-us---
080 _a796.33209 LEC
082 0 0 _a796.33209 LEC
100 1 _a47
101 _aEDU
245 1 4 _aThe story of football.
906 _a7
_bcbc
_corignew
_d1
_eocip
_f19
_gy-gencatlg
942 _2ddc
_cBK
999 _c42195
_d42195